| 000 | 00647 a2200253 4500 | ||
|---|---|---|---|
| 001 | 200130561 | ||
| 999 |
_c200130561 _d28312 |
||
| 003 | TR-AnTOB | ||
| 005 | 20190322123214.0 | ||
| 008 | 160506b tu n0 0 0 | ||
| 022 | _a13063839 | ||
| 040 | _aTR-AnTOB | ||
| 041 | _atur | ||
| 050 |
_aKKX/18 _b.ERC |
||
| 090 | _aKKX/18 .ERC | ||
| 099 | _aJOURNAL - ERCÜ | ||
| 245 | 0 | _aErciyes Üniversitesi Hukuk Fakültesi Dergisi. | |
| 260 |
_aErciyes;: _bErciyes Üniversitesi |
||
| 300 |
_av. _c24 cm. |
||
| 310 | _aYılda iki kez | ||
| 650 |
_aHukuk _zTürkiye _vSüreli yayınlar _970541 |
||
| 650 |
_aLaw _zTurkey _vPeriodicals _970540 |
||
| 942 | _cCR | ||